000 00757nam a2200253Ia 4500
003 OSt
005 20220926020247.0
006 a|||||r|||| 00| 0
007 ta
008 220923b |||||||| |||| 00| 0 eng d
020 _a9780415575508
_c1691.46
037 _b130/2011-12, 16/01/2012, CLASSIC BOOKS SERVICES
_cGeneral Book
040 _aRTL
_cRTL
_beng
041 _2eng
_aeng
082 _aU5, Q2
100 _aStorey David
_9279785
245 0 _aTerritories
_b The claiming of space
250 _a2ed
260 _aNew York
_bRoutledge
_c2012
300 _avii, 239p.
_ccm.
650 _aGeography
942 _hU5, Q2
_cGB
_2CC
999 _c633811
_d633811